书目信息 |
| 题名: |
英语4级模拟测试
|
|
| 作者: | 程俊瑜 主编 | |
| 分册: | ||
| 出版信息: | 北京 化学工业出版社 2014.04 |
|
| 页数: | 255页 | |
| 开本: | 26cm | |
| 丛书名: | ||
| 单 册: | ||
| 中图分类: | H319.6 | |
| 科图分类: | ||
| 主题词: | 英语 , 英语--高等学校--习题集 | |
| 电子资源: | ||
| ISBN: | 978-7-122-19560-9 | |
| 000 | 00936nam0 2200289 450 | |
| 001 | 0100140816 | |
| 005 | 20141020221706.0 | |
| 010 | @a978-7-122-19560-9@dCNY32.00 | |
| 100 | @a20140425d2014 em y0chiy50 ea | |
| 101 | 0 | @achi@aeng |
| 101 | 11 | @achi |
| 102 | @aCN@b110000 | |
| 105 | @ay zq 000yy | |
| 106 | @ar | |
| 200 | 1 | @a英语4级模拟测试@Aying yu 4 ji mo ni ce shi@b专著@f程俊瑜主编@Fcheng jun yu zhu bian |
| 210 | @a北京@c化学工业出版社@d2014.04 | |
| 215 | @a255页@d26cm | |
| 300 | @a就是这一本 | |
| 330 | @a本书在内容上体现大学英语4级考试的命题规律,提炼各种题型的考点和重点、难点。全书共有10套模拟试题和5套改编真题,每套题后除参考答案外,还有注释,结合试题讲解了解题方法和技巧。 | |
| 540 | @a英语4级模拟测试 | |
| 606 | 0 | @a英语 |
| 606 | 0 | @a英语@x高等学校@j习题集 |
| 690 | @aH319.6@v5 | |
| 701 | 0 | @a程俊瑜@Acheng jun yu@4主编 |
| 801 | @aCN | |
| 901 | @a001 | |
| 905 | @b1104223-5@dH319.6@eC748@f3@a241430 | |
| 英语4级模拟测试/程俊瑜主编.-北京:化学工业出版社,2014.04 |
| 255页;26cm |
| 就是这一本 |
| ISBN 978-7-122-19560-9:CNY32.00 |
| 本书在内容上体现大学英语4级考试的命题规律,提炼各种题型的考点和重点、难点。全书共有10套模拟试题和5套改编真题,每套题后除参考答案外,还有注释,结合试题讲解了解题方法和技巧。 |
| ● |
| 相关链接 |
|
|
|
正题名:英语4级模拟测试
索取号:H319.6/C748
 
预约/预借
| 序号 | 登录号 | 条形码 | 馆藏地/架位号 | 状态 | 备注 |
| 1 | 1104223 | 211042236 | 语言库209/209语言库 57排1列2层/ [索取号:H319.6/C748] | 在馆 | |
| 2 | 1104224 | 211042245 | 语言库209/209语言库 57排1列2层/ [索取号:H319.6/C748] | 在馆 | |
| 3 | 1104225 | 211042254 | 语言库209/209语言库 57排1列2层/ [索取号:H319.6/C748] | 在馆 |